| 000 | 00407cam a2200169ua 4500 | ||
|---|---|---|---|
| 020 | _c11.00 | ||
| 041 |
_aeng _h |
||
| 082 |
_a923.2 _bTEN/MA |
||
| 100 | _aTendalkar, D.G . | ||
| 245 |
_aMahatma, Vol 4 / _cD.G.Tendalkar. _hTextual Documents |
||
| 260 |
_aIndia : _bThe publication division , _c1959. |
||
| 300 | _a330 ; . | ||
| 365 | _a11.00 | ||
| 504 | _a | ||
| 942 | _cBK | ||
| 999 |
_c1168 _d1168 |
||